Informačné a komunikačné technológie - tvorba databázových aplikácií študijný materiál pre projekt Využívanie informačných technológií a databázových systémov ako nástroja riadenia vo vidieckom priestore
Enregistré dans:
| Auteur principal: | |
|---|---|
| Collectivité auteur: | |
| Format: | Livre |
| Langue: | slovaque |
| Publié: |
[Dudince]
2011
|
| Sujets: | |
| Tags: |
Pas de tags, Soyez le premier à ajouter un tag!
|
MARC
| LEADER | 00000nam$a2200000$$$4500 | ||
|---|---|---|---|
| 001 | 0146091 | ||
| 005 | 20240502072632.9 | ||
| 041 | 0 | |a slo | |
| 044 | |a SK | ||
| 245 | 1 | 0 | |a Informačné a komunikačné technológie - tvorba databázových aplikácií |b študijný materiál pre projekt Využívanie informačných technológií a databázových systémov ako nástroja riadenia vo vidieckom priestore |c Anita Romanová |
| 264 | 1 | |a [Dudince] |c 2011 | |
| 300 | |a 79 s. [1,892 AH] | ||
| 500 | |a Program rozvoja vidieka 2007 – 2013 | ||
| 610 | 2 | 0 | |a technológie informačné |
| 610 | 2 | 0 | |a technológie komunikačné |
| 610 | 2 | 0 | |a softvér |
| 610 | 2 | 0 | |a regióny |
| 100 | 1 | |a Romanová, Anita, 1973- | |
| 710 | 2 | |a Európsko-slovenské združenie agroturizmu a turizmu | |